All stewart-haas drivers - Statistics

General Stats
  • This quiz has been taken 16 times
  • The average score is 41 of 51
Answer Stats
Hint Answer % Correct
2023 10 aric almirola
91%
2022 10 aric almirola
91%
2021 10 Aric almirola
91%
2020 10 aric almirola
91%
2019 10 aric almirola
91%
2018 10 aric almirola
91%
2017 10 Danica patrick
91%
2016 10 Danica patrick
91%
2015 10 Danica patrick
91%
2014 10 danica patrick
91%
2013 10 danica patrick
91%
2023 4 Kevin harvick
91%
2022 4 Kevin harvick
91%
2021 4 Kevin harvick
91%
2020 4 Kevin harvick
91%
2019 4 Kevin harvick
91%
2018 4 Kevin harvick
91%
2017 4 Kevin harvick
91%
2016 4 Kevin harvick
91%
2015 4 Kevin harvick
91%
2014 4 Kevin harvick
91%
2016 14 tony stewart
91%
2015 14 tony stewart
91%
2014 14 tony stewart
91%
2013 14 tony stewart
91%
2012 14 tony stewart
91%
2011 14 tony stewart
91%
2009 14 Tony stewart
91%
2020 14 Clint bowyer
82%
2019 14 Clint bowyer
82%
2018 14 Clint bowyer
82%
2017 14 Clint bowyer
82%
2022 41 Cole custer
82%
2021 41 Cole custer
82%
2020 41 Cole custer
82%
2018 41 Kurt busch
82%
2017 41 Kurt busch
82%
2016 41 Kurt busch
82%
2015 41 Kurt Busch
82%
2014 41 Kurt busch
82%
2013 39 Ryan newman
82%
2012 39 Ryan newman
82%
2023 14 chase briscoe
73%
2022 14 Chase briscoe
73%
2021 14 chase Briscoe
73%
2023 41 Ryan preece
73%
2019 41 Daniel saurez
45%
2011 39 Ryan newman
18%
2010 39 Ryan newman
18%
2009 39 Ryan newman
18%
2010 14 Tony stewrat
0%
No matching quizzes found
Score Distribution
Percent of People with Each Score
Percentile by Number Answered
Your Score History
You have not taken this quiz